000 00781nam a2200241Ia 4500
003 OSt
005 20221007081147.0
006 a|||||r|||| 00| 0
007 ta
008 221006b |||||||| |||| 00| 0 eng d
024 _a29,922
037 _cTextual
040 _aFLL
_cFLL
_beng
041 _2eng
_aeng
082 _aX4:Z1, L7.1
100 _aHill Don
_9696566
245 0 _aTransport laws of the world; Rail conventions and agreements; Air conventions and agreements; Maritime conventions and agreements; Road conventions and agreements
260 _aNew York
_bOceana Publications, Inc. New
_c1977
300 _ad.p.
_ccm.
700 _a Evans Malcolm
_958913
942 _hX4:Z1, L7.1
_cTEXL
_2CC
999 _c1162240
_d1162240